BIBLIOTHÈQUE DE LA MAISON DU MEXIQUE

Logo 1 Logo 2

Las agrupaciones patronales en México (notice nᵒ 12423)

détails MARC
000 -Sello discográfico
campo de control de longitud fija 00730nam a2200265 4500
005 - Identificación de versión
campo de control 20251022120813.0
035 ## - Otros números de control del sistema
Número de control del sistema 7013
099 ## - fechas locales
Tipo de ítem Koha LIBRO
100 ## - Datos de procesamiento general
Datos de procesamiento general 19930801d19771970m y1spay5003 ba
101 ## - Idioma del recurso
Idioma del texto, banda sonora, etc. Español; Castellano
105 ## - Campo de datos codificados: Material textual, monográfico
Datos codificados de monografía y 001zy
200 1# - Título y mención de responsabilidad
Título propio Las agrupaciones patronales en México
Designación general del material texto impreso
Primer mención de responsabilidad Marco Antonio Alcazar
205 ## - Declaración de edición
Declaración de edición 1a reimpr de la 1a ed
210 ## - Publicación, distribución, etc.
Lugar de publicación, distribución, etc. México
Nombre del editor, distribuidor, etc. El Colegio de México, Centro de Estudios Internacionales
Fecha de publicación, distribución, etc. 1970
215 ## - Descripción física
Designación de material específico y extensión del ítem 130 p
Dimensiones 19 cm
345 ## - Nota de información de adquisición
Fuente de adquisición/dirección de la suscripción [OBSOLETO] Donación
410 #1 - Series
Título Jornadas
Número de volumen 66
606 ## - Término temático usado como materia
Elemento de entrada Sindicatos
Subdivisión geográfica México
Número Koha 1705
660 ## - Código de área geográfica
Código MX
700 ## - Nombre personal - Responsabilidad primaria
Elemento de entrada Alcazar
Parte del nombre distinta del elemento de entrada Marco Antonio
Número Koha 19117
801 #0 - Fuente de origen
País FR
Agencia cm
Reglas de catalogación (convenciones descriptivas) AFNOR
942 ## - ELEMENTOS DE ENTRADA SECUNDARIOS (KOHA)
Tipo de ítem Koha Livre
Exemplaires
Estatus retirado Estado de daño Estado de pérdida Fecha de adquisición Biblioteca de origen Biblioteca actual Ubicación en estantería Código de barras Precio de reemplazo Signatura topográfica completa No para préstamo Tipo de ítem Koha Nota pública Nota no pública
      05/08/2025 Casa México Paris Casa México Paris   005927 05/08/2025 308 J82 V.66   Livre 20220121LIV 751145101